| 000 | 00748nam a2200205 4500 | ||
|---|---|---|---|
| 001 | ESSALUD | ||
| 007 | ta | ||
| 008 | t2025 pe ||||| |||| 00| 0 spa d | ||
| 040 | _aBMG | ||
| 041 | _aspa | ||
| 100 |
_aCalderón De los Santos, Gloria _eautor _951634 |
||
| 245 | _a¿Es necesario incorporar a la sociedad unipersonal en la legislación societaria peruana? | ||
| 300 | _apáginas 209-228 | ||
| 650 |
_aSOCIEDADES _94012 |
||
| 650 |
_aLEGISLACIÓN _9209 |
||
| 653 | _aDERECHO SOCIETARIO | ||
| 653 | _aSOCIEDAD UNIPERSONAL | ||
| 773 | 0 |
_019945 _922508 _dLima Gaceta Jurídica Editores, 2013- _oGACIV027 _tGaceta civil & procesal civil : información especializada para abogados y jueces _wESSALUD _x2305-3259 |
|
| 942 |
_cARTICULOS _e2026-02-27 _zAFC |
||
| 999 |
_c22233 _d22233 |
||